Les protagonistes Anime - Statistiques

Statistiques générales
  • Ce quiz a été pris 615 fois
  • Le résultat moyen est 7 sur 16
Statistiques - réponses
Hint Réponse % Correct
One Piece Monkey D. Luffy
99%
Naruto Naruto Uzumaki
87%
Death Note Light Yagami
67%
Fairy Tail Natsu Dragnir
59%
Dragon Ball Son Goku
51%
Bleach Ichigo Kurosaki
50%
L'attaque des Titans Eren Jäger
46%
My hero academia Izuku Midoriya
46%
Kuroko No Basket Tetsuya Kuroko
39%
Gintama Sakata Gintoki
25%
Assassination classroom Nagisa Shiota
23%
Code Geass Lellouch Lamperouge
21%
Jojo's Bizarre Adventure Jotaro Kujo
17%
Sword art Online Kazuto Kirigaya
17%
Hunter x Hunter Gon Freecss
15%
Detective conan Conan Edogawa
6%
Aucun quiz correspondant
Distribution des résultats
% des personnes avec chaque résultat
Percentile par nombre de réponses
Votre historique - résultats
Vous n’avez pas pris ce quiz